[Event "Ismagambetov Memorial 1st"]
[Site "Chess.com INT"]
[Date "2020.06.26"]
[Round "1"]
[White "Filippov, Anton"]
[Black "Kulyishov, Sain"]
[Result "1-0"]
[WhiteElo "2592"]
[BlackElo "1966"]
[PlyCount "61"]
[EventDate "2020.06.26"]
[EventType "swiss (blitz)"]
[EventRounds "11"]
[EventCountry "KAZ"]
[SourceTitle "CBM 197 Extra"]
[Source "ChessBase"]
[SourceDate "2020.09.30"]
[SourceVersion "1"]
[SourceVersionDate "2020.09.30"]
[SourceQuality "1"]

1. e4 d5 2. exd5 Qxd5 3. Nc3 Qd6 4. d4 c6 5. Nf3 Bg4 6. Be2 Nf6 7. Ne5 Bxe2 8. Nxe2 e6 9. 0-0 Qd8 10. c3 Be7 11. Nf4 0-0 12. Be3 Nbd7 13. Qb3 Qb6 14. Qc2 Qc7 15. Nfd3 Nxe5 16. Nxe5 Nd7 17. Nf3 Nf6 18. Rad1 Rfd8 19. Rfe1 Nd5 20. Bd2 Bf6 21. c4 Ne7 22. Bc3 Ng6 23. g3 Rd7 24. h4 Rad8 25. Kg2 Qb6 26. Rd2 Qa6 27. b3 Qb6 28. Rde2 h6 29. Re4 Ne7 30. g4 a5 31. g5 1-0

[Event "Ismagambetov Memorial 1st"]
[Site "Chess.com INT"]
[Date "2020.06.26"]
[Round "10"]
[White "Filippov, Anton"]
[Black "Markov, Mikhail2222"]
[Result "1-0"]
[WhiteElo "2592"]
[BlackElo "2365"]
[PlyCount "166"]
[EventDate "2020.06.26"]
[EventType "swiss (blitz)"]
[EventRounds "11"]
[EventCountry "KAZ"]
[SourceTitle "CBM 197 Extra"]
[Source "ChessBase"]
[SourceDate "2020.09.30"]
[SourceVersion "1"]
[SourceVersionDate "2020.09.30"]
[SourceQuality "1"]

1. e4 c5 2. Nf3 d6 3. d4 cxd4 4. Nxd4 Nf6 5. Nc3 a6 6. Bg5 e6 7. f4 Be7 8. Qf3 h6 9. Bh4 Nbd7 10. 0-0-0 Qc7 11. Bd3 g5 12. fxg5 Ne5 13. Qe2 Nfg4 14. Nf3 Nxf3 15. Qxf3 hxg5 16. Bg3 Ne5 17. Bxe5 dxe5 18. Rdf1 f6 19. h4 gxh4 20. Qg4 Bd7 21. Qg6+ Kd8 22. Rxf6 Qc5 23. Rf7 Kc7 24. Rhf1 Rag8 25. Rg7 Qe3+ 26. Kb1 Qg5 27. Qxg5 Bxg5 28. Rff7 Rxg7 29. Rxg7 Bh6 30. Rf7 Kd6 31. Be2 Rg8 32. Bf3 Bf4 33. Rh7 Bg3 34. Ne2 b5 35. c3 a5 36. Kc2 Bf2 37. Nc1 Bc6 38. Nd3 Bg3 39. a3 Rc8 40. b4 axb4 41. axb4 Ra8 42. Nc5 Ra2+ 43. Kb3 Ra1 44. Bg4 Rb1+ 45. Kc2 Rg1 46. Bh3 Re1 47. Kd3 Rd1+ 48. Ke2 Re1+ 49. Kd2 Bxe4 50. Nxe4+ Rxe4 51. Ra7 Bf4+ 52. Kc2 Re3 53. Kb3 Rg3 54. Ra6+ Ke7 55. Rxe6+ Kf7 56. Rb6 Bd2 57. Rxb5 Bxc3 58. Kc4 Bd4 59. Rb7+ Kf6 60. Kd5 Rb3 61. Ke4 Re3+ 62. Kd5 Rb3 63. b5 Kg5 64. Ke4 Re3+ 65. Kd5 Rb3 66. Rg7+ Kf4 67. Rg4+ Ke3 68. Rxh4 Rxb5+ 69. Kc6 Rb2 70. Kd5 Kd3 71. Bf5+ Kc3 72. Be4 Rb5+ 73. Ke6 Rb6+ 74. Kf5 Kd2 75. g4 Ke3 76. Rh3+ Kf2 77. g5 Ra6 78. g6 Ra7 79. Rh6 Ke3 80. Rh3+ Kf2 81. Rh7 Ra8 82. g7 Rg8 83. Bd5 Rxg7 1-0

[Event "Almaty op"]
[Site "Almaty"]
[Date "2017.10.11"]
[Round "9"]
[White "Filippov, Anton"]
[Black "Fier, Alexandr"]
[Result "1/2-1/2"]
[WhiteElo "2592"]
[BlackElo "2573"]
[PlyCount "23"]
[EventDate "2017.10.03"]
[EventType "swiss"]
[EventRounds "9"]
[EventCountry "KAZ"]
[SourceTitle "CBM 181 Extra"]
[Source "ChessBase"]
[SourceDate "2017.12.12"]
[SourceVersion "1"]
[SourceVersionDate "2017.12.12"]
[SourceQuality "1"]

1. e4 c6 2. d4 d5 3. Nc3 dxe4 4. Nxe4 Bf5 5. Ng3 Bg6 6. h4 h6 7. Nf3 e6 8. h5 Bh7 9. Bd3 Bxd3 10. Qxd3 Nf6 11. Bd2 c5 12. Ne4 1/2-1/2

[Event "Almaty op"]
[Site "Almaty"]
[Date "2017.10.09"]
[Round "7"]
[White "Filippov, Anton"]
[Black "Suleymenov, Alisher"]
[Result "1-0"]
[WhiteElo "2592"]
[BlackElo "2317"]
[PlyCount "71"]
[EventDate "2017.10.03"]
[EventType "swiss"]
[EventRounds "9"]
[EventCountry "KAZ"]
[SourceTitle "CBM 181 Extra"]
[Source "ChessBase"]
[SourceDate "2017.12.12"]
[SourceVersion "1"]
[SourceVersionDate "2017.12.12"]
[SourceQuality "1"]

1. e4 e6 2. d4 d5 3. Nd2 Nf6 4. e5 Nfd7 5. Bd3 c5 6. c3 Nc6 7. Ne2 cxd4 8. cxd4 f6 9. exf6 Qxf6 10. Nf3 h6 11. 0-0 Bd6 12. Ng3 0-0 13. Bc2 Rf7 14. Nh5 Qe7 15. Be3 Nf8 16. Rc1 Bd7 17. Bb1 Be8 18. Rc3 Bb4 19. Rc1 Bd6 20. a3 Rd8 21. Re1 Bb8 22. b4 a6 23. Ng3 Rf6 24. Ne5 Nxe5 25. dxe5 Bxe5 26. Bb6 Bb2 27. Rc7 Rd7 28. Rc8 Rf7 29. Bc5 Qf6 30. Rxe8 d4 31. Ne4 Qf4 32. Qd3 Bc3 33. Rf1 Qf5 34. h3 Rd5 35. g4 Qg6 36. Nf6+ 1-0

[Event "Almaty op"]
[Site "Almaty"]
[Date "2017.10.07"]
[Round "5"]
[White "Malakhatko, Vadim"]
[Black "Filippov, Anton"]
[Result "1/2-1/2"]
[WhiteElo "2511"]
[BlackElo "2592"]
[PlyCount "54"]
[EventDate "2017.10.03"]
[EventType "swiss"]
[EventRounds "9"]
[EventCountry "KAZ"]
[SourceTitle "CBM 181 Extra"]
[Source "ChessBase"]
[SourceDate "2017.12.12"]
[SourceVersion "1"]
[SourceVersionDate "2017.12.12"]
[SourceQuality "1"]

1. d4 Nf6 2. c4 e6 3. Nf3 Bb4+ 4. Nbd2 b6 5. a3 Bxd2+ 6. Qxd2 Bb7 7. e3 d6 8. Be2 Nbd7 9. 0-0 0-0 10. b4 c5 11. Bb2 Qe7 12. Rfd1 Rfd8 13. dxc5 dxc5 14. Qd6 Qxd6 15. Rxd6 Ne4 16. Rd3 Nf8 17. Rxd8 Rxd8 18. b5 f6 19. Rd1 Rxd1+ 20. Bxd1 Nd6 21. Nd2 Kf7 22. f3 a5 23. Kf2 Nd7 24. g4 h6 25. Be2 Ke7 26. Kg3 e5 27. Bf1 Nf8 1/2-1/2

[Event "Almaty op"]
[Site "Almaty"]
[Date "2017.10.03"]
[Round "1"]
[White "Tleules, Tamirlan"]
[Black "Filippov, Anton"]
[Result "0-1"]
[WhiteElo "1710"]
[BlackElo "2592"]
[PlyCount "88"]
[EventDate "2017.10.03"]
[EventType "swiss"]
[EventRounds "9"]
[EventCountry "KAZ"]
[SourceTitle "CBM 181 Extra"]
[Source "ChessBase"]
[SourceDate "2017.12.12"]
[SourceVersion "1"]
[SourceVersionDate "2017.12.12"]
[SourceQuality "1"]

1. e4 e5 2. Nf3 Nc6 3. Bb5 a6 4. Ba4 Nf6 5. 0-0 Be7 6. Re1 b5 7. Bb3 d6 8. c3 0-0 9. h3 Na5 10. Bc2 c5 11. d4 Qc7 12. Nbd2 Be6 13. d5 Bd7 14. b3 g6 15. Nf1 Nh5 16. Be3 Rfc8 17. Qd2 c4 18. b4 Nb7 19. g4 Ng7 20. Ng3 a5 21. a3 Ra6 22. Qc1 Rca8 23. Qb2 Qc8 24. Kh2 Bd8 25. Reb1 Bb6 26. Bxb6 Rxb6 27. Ra2 Rba6 28. Rba1 R8a7 29. Bb1 Nd8 30. Qd2 f6 31. Ng1 Nf7 32. f3 Qd8 33. Kg2 Kh8 34. Qf2 Ra8 35. Kf1 Qe7 36. Ke1 Rf8 37. Kd1 f5 38. Bc2 fxg4 39. hxg4 Ng5 40. Qg2 Nxf3 41. Nxf3 Bxg4 42. Ke2 Bxf3+ 43. Qxf3 Rxf3 44. Kxf3 Qg5 0-1

[Event "Olympiad-42"]
[Site "Baku"]
[Date "2016.09.04"]
[Round "3.3"]
[White "Hracek, Zbynek"]
[Black "Filippov, Anton"]
[Result "1/2-1/2"]
[WhiteElo "2591"]
[BlackElo "2582"]
[PlyCount "61"]
[EventDate "2016.09.02"]
[EventType "team-swiss"]
[EventRounds "11"]
[EventCountry "AZE"]
[SourceTitle "CBM 175"]
[Source "ChessBase"]
[SourceDate "2016.11.10"]
[SourceVersion "1"]
[SourceVersionDate "2016.11.10"]
[SourceQuality "1"]
[WhiteTeam "Czech Republic"]
[BlackTeam "Uzbekistan"]
[WhiteTeamCountry "CZE"]
[BlackTeamCountry "UZB"]

1. e4 e5 2. Nf3 Nc6 3. Bb5 a6 4. Ba4 Nf6 5. 0-0 Be7 6. Re1 b5 7. Bb3 0-0 8. a4 b4 9. d3 d6 10. a5 Bd7 11. Nbd2 Qc8 12. c3 Rb8 13. Bc4 Be6 14. Bxe6 fxe6 15. d4 bxc3 16. bxc3 exd4 17. cxd4 d5 18. exd5 exd5 19. Ba3 Bxa3 20. Rxa3 Rb5 21. Rc3 Nxa5 22. Qc2 c5 23. Rxc5 Rxc5 24. dxc5 Nc6 25. h3 Qc7 26. Qa4 a5 27. Nd4 Nxd4 28. Qxd4 a4 29. Qxa4 Qxc5 30. Nf3 Ne4 31. Qd4 1/2-1/2

[Event "Olympiad-42"]
[Site "Baku"]
[Date "2016.09.02"]
[Round "1.2"]
[White "Filippov, Anton"]
[Black "Pg, Md Omar Ak Hafizon"]
[Result "1-0"]
[WhiteElo "2582"]
[BlackElo "2168"]
[PlyCount "49"]
[EventDate "2016.09.02"]
[EventType "team-swiss"]
[EventRounds "11"]
[EventCountry "AZE"]
[SourceTitle "CBM 175"]
[Source "ChessBase"]
[SourceDate "2016.11.10"]
[SourceVersion "1"]
[SourceVersionDate "2016.11.10"]
[SourceQuality "1"]
[WhiteTeam "Uzbekistan"]
[BlackTeam "Brunei"]
[WhiteTeamCountry "UZB"]
[BlackTeamCountry "BRN"]

1. e4 d6 2. d4 Nf6 3. Nc3 e5 4. Nf3 Nbd7 5. Bc4 Be7 6. 0-0 0-0 7. Re1 a6 8. a4 b6 9. b3 Bb7 10. Bb2 c6 11. Bd3 Re8 12. Ne2 d5 13. Ng3 dxe4 14. Nxe4 Nxe4 15. Bxe4 exd4 16. Nxd4 Bf6 17. Qf3 Qc7 18. Bc3 Rab8 19. Nf5 Bxc3 20. Qxc3 f6 21. Qc4+ Kh8 22. Qf7 Rg8 23. Nh6 Qd8 24. Rad1 Ne5 25. Rxd8 1-0

[Event "Eurasia Blitz Chess Cup"]
[Site "Almaty"]
[Date "2016.06.19"]
[Round "21"]
[White "Arutinian, David"]
[Black "Filippov, Anton"]
[Result "1-0"]
[WhiteElo "2527"]
[BlackElo "2582"]
[PlyCount "141"]
[EventDate "2016.06.18"]
[EventType "swiss (blitz)"]
[EventRounds "22"]
[EventCountry "KAZ"]
[SourceTitle "CBM 173 Extra"]
[Source "ChessBase"]
[SourceDate "2016.08.29"]
[SourceVersion "1"]
[SourceVersionDate "2016.08.29"]
[SourceQuality "1"]

1. d4 Nf6 2. c4 e6 3. Nf3 Bb4+ 4. Bd2 a5 5. Nc3 d6 6. g3 Nbd7 7. Bg2 e5 8. Qc2 0-0 9. 0-0 Re8 10. e4 exd4 11. Nxd4 Ne5 12. b3 Bc5 13. Nce2 Bg4 14. f3 Nc6 15. Be3 Bd7 16. Kh1 Nxd4 17. Nxd4 a4 18. Bg1 Ra7 19. Rab1 axb3 20. axb3 Qa8 21. b4 Bb6 22. c5 dxc5 23. bxc5 Ra2 24. Qc4 Ra4 25. Qc2 Ra2 26. Qc4 Ra4 27. Qc3 Ba5 28. Qc2 Bb4 29. f4 c6 30. f5 Ng4 31. Nb3 Ne5 32. Rfd1 Ra2 33. Rb2 Rxb2 34. Qxb2 Qa3 35. Qc2 Bc8 36. Ra1 Bxc5 37. Rxa3 Bxa3 38. Bd4 Bf8 39. Qc3 Ng4 40. h3 Nf6 41. Bxf6 gxf6 42. Qxf6 Bg7 43. Qg5 h6 44. Qf4 Kh7 45. f6 Bf8 46. e5 Rd8 47. Nd4 c5 48. Be4+ Kh8 49. Nf5 Rd1+ 50. Kh2 c4 51. Nd6 Be6 52. Bc2 Re1 53. Qf3 Rxe5 54. Ne4 b5 55. Qf4 Rf5 56. Qb8 Kg8 57. g4 Rd5 58. Kg3 b4 59. Nf2 b3 60. Bh7+ Kxh7 61. Qxf8 Rg5 62. Ne4 Rg8 63. Qb4 Rc8 64. Nc3 Rd8 65. Kf4 Kg6 66. Qb7 Rd4+ 67. Ke5 Rd3 68. Qe4+ Kg5 69. Qf4+ Kh4 70. Ne4 b2 71. Qxh6# 1-0

[Event "Central Asia Cup 4th"]
[Site "Almaty"]
[Date "2015.11.29"]
[Round "9"]
[White "Ismagambetov, Anuar"]
[Black "Filippov, Anton"]
[Result "1/2-1/2"]
[WhiteElo "2548"]
[BlackElo "2591"]
[PlyCount "116"]
[EventDate "2015.11.21"]
[EventType "swiss"]
[EventRounds "9"]
[EventCountry "KAZ"]
[SourceTitle "CBM 169 Extra"]
[Source "ChessBase"]
[SourceDate "2015.12.18"]
[SourceVersion "1"]
[SourceVersionDate "2015.12.18"]
[SourceQuality "1"]

1. e4 e5 2. Nf3 Nc6 3. Bb5 a6 4. Ba4 Nf6 5. 0-0 Be7 6. Re1 b5 7. Bb3 0-0 8. h3 Bb7 9. d3 d5 10. exd5 Nxd5 11. a4 Nd4 12. Nxd4 exd4 13. axb5 axb5 14. Rxa8 Bxa8 15. Na3 Bb4 16. Bd2 Bxd2 17. Qxd2 Qf6 18. Nxb5 Nf4 19. f3 Bxf3 20. Rf1 Ne2+ 21. Qxe2 Bxe2 22. Rxf6 gxf6 23. Nxd4 Re8 24. Ba4 Re5 25. Bc6 f5 26. b4 Kg7 27. Kf2 Bh5 28. c4 Kf6 29. g3 Re7 30. Bd5 Re8 31. b5 f4 32. gxf4 Bg6 33. Bc6 Re7 34. f5 Bxf5 35. Nxf5 Kxf5 36. c5 Ke6 37. d4 f5 38. Kf3 Kf6 39. Kf2 Rf7 40. Bf3 Rf8 41. Bb7 Ke7 42. Bc6 f4 43. Kf3 h6 44. Be4 Rb8 45. Bc6 Rf8 46. d5 Rf6 47. Ba8 Kd8 48. Bb7 Kd7 49. Ba8 Kd8 50. Bc6 Kc8 51. Be8 Kd8 52. Bc6 Kc8 53. h4 Kd8 54. Ba8 Kc8 55. Bc6 Kd8 56. Bb7 Kd7 57. Bc6+ Kc8 58. Be8 Kd8 1/2-1/2

[Event "Central Asia Cup 4th"]
[Site "Almaty"]
[Date "2015.11.25"]
[Round "5"]
[White "Nakhbayeva, Guliskhan"]
[Black "Filippov, Anton"]
[Result "0-1"]
[WhiteElo "2290"]
[BlackElo "2591"]
[PlyCount "146"]
[EventDate "2015.11.21"]
[EventType "swiss"]
[EventRounds "9"]
[EventCountry "KAZ"]
[SourceTitle "CBM 169 Extra"]
[Source "ChessBase"]
[SourceDate "2015.12.18"]
[SourceVersion "1"]
[SourceVersionDate "2015.12.18"]
[SourceQuality "1"]

1. d4 f5 2. g3 Nf6 3. Bg2 g6 4. b3 Bg7 5. Bb2 0-0 6. Nf3 a5 7. c4 d6 8. 0-0 c6 9. Nbd2 a4 10. a3 axb3 11. Qxb3 Kh8 12. Rfe1 Na6 13. h3 Rb8 14. e4 b5 15. e5 bxc4 16. Qc2 Ne4 17. Nxc4 Be6 18. Bc1 d5 19. Ncd2 c5 20. dxc5 Naxc5 21. Nxe4 fxe4 22. Qxc5 exf3 23. Bf1 Qd7 24. Bg5 Rb7 25. Rab1 Rc7 26. Qb6 Bf5 27. e6 Qd8 28. Rbd1 h6 29. Bf4 Rc3 30. Qb4 Rc6 31. Be5 Bxe6 32. Qb5 Qb6 33. Qd3 Bxe5 34. Rxe5 Kg7 35. Re3 Qb2 36. Rxf3 Rxf3 37. Qxf3 Rc3 38. Qf4 Rxa3 39. Rd4 Ra1 40. Kg2 Re1 41. Bd3 Bf7 42. Rb4 Qa1 43. Qd4+ Qxd4 44. Rxd4 Rd1 45. Kf3 e5 46. Ke2 Rh1 47. Ra4 Rxh3 48. Ra7 Rh1 49. Bb5 Kf8 50. Ra8+ Ke7 51. Ra7+ Kf6 52. Ra6+ Kg7 53. Ra7 Kf6 54. Ra6+ Kg5 55. f4+ exf4 56. gxf4+ Kh5 57. Rf6 Rb1 58. Bd7 Bg8 59. Be8 Bh7 60. f5 Kg5 61. Rf7 Rb8 62. Bd7 Rh8 63. f6 d4 64. Kd2 h5 65. Ke1 Kh6 66. Re7 Rf8 67. f7 g5 68. Be8 Bg6 69. Rd7 Kg7 70. Rd5 g4 71. Rxd4 Bxf7 72. Bc6 Be6 73. Rd6 Rf6 0-1

[Event "CRO-chT1A"]
[Site "Bol"]
[Date "2014.10.09"]
[Round "6.3"]
[White "Filippov, Anton"]
[Black "Horvath, Csaba"]
[Result "0-1"]
[WhiteElo "2589"]
[BlackElo "2537"]
[PlyCount "86"]
[EventDate "2014.10.04"]
[EventType "team-tourn"]
[EventRounds "9"]
[EventCountry "CRO"]
[SourceTitle "CBM 162 Extra"]
[Source "ChessBase"]
[SourceDate "2014.10.17"]
[SourceVersion "1"]
[SourceVersionDate "2014.10.17"]
[SourceQuality "1"]
[WhiteTeam "Rijeka Rijeka"]
[BlackTeam "Pozega"]
[WhiteTeamCountry "CRO"]
[BlackTeamCountry "CRO"]

1. e4 c5 2. Nf3 e6 3. d4 cxd4 4. Nxd4 a6 5. Nc3 b5 6. Bd3 Bb7 7. 0-0 Nc6 8. Nxc6 Bxc6 9. e5 f5 10. a4 b4 11. Nb1 Ne7 12. Nd2 Ng6 13. Nc4 Bc5 14. Be3 Bxe3 15. Nd6+ Ke7 16. fxe3 Nxe5 17. Bxf5 Qb8 18. Qh5 Kxd6 19. Rad1+ Kc7 20. Bxe6 Kb7 21. Bd5 Qc7 22. Rf4 a5 23. c3 Rae8 24. Rfd4 bxc3 25. bxc3 Qb6 26. h3 g6 27. Qg5 Rhf8 28. Qh6 Qb2 29. Qxh7 Qf2+ 30. Kh1 Rf7 31. Qh6 Qg3 32. Bxc6+ Kxc6 33. Qh4 Qxh4 34. Rxh4 Rf2 35. Rhd4 Ra2 36. Rf1 Re6 37. h4 Ra3 38. Rc1 Rf6 39. Rc2 Rf1+ 40. Kh2 Rfa1 41. Kg3 Rxa4 42. Kf4 d6 43. g4 Rg1 0-1

[Event "CRO-chT1A"]
[Site "Bol"]
[Date "2014.10.07"]
[Round "4.2"]
[White "Filippov, Anton"]
[Black "Sedlak, Nikola"]
[Result "1/2-1/2"]
[WhiteElo "2589"]
[BlackElo "2559"]
[PlyCount "105"]
[EventDate "2014.10.04"]
[EventType "team-tourn"]
[EventRounds "9"]
[EventCountry "CRO"]
[SourceTitle "CBM 162 Extra"]
[Source "ChessBase"]
[SourceDate "2014.10.17"]
[SourceVersion "1"]
[SourceVersionDate "2014.10.17"]
[SourceQuality "1"]
[WhiteTeam "Rijeka Rijeka"]
[BlackTeam "Djakovo"]
[WhiteTeamCountry "CRO"]
[BlackTeamCountry "CRO"]

1. d4 e6 2. c4 Bb4+ 3. Bd2 a5 4. Nf3 Nf6 5. g3 d6 6. Bg2 Nbd7 7. 0-0 e5 8. Qc2 0-0 9. Nc3 Re8 10. e4 exd4 11. Nxd4 Ne5 12. b3 Bc5 13. Nf5 Bd7 14. Rad1 a4 15. Bc1 axb3 16. axb3 Nc6 17. Bb2 Bxf5 18. exf5 Nd4 19. Qd3 Nc6 20. h3 h6 21. g4 Qe7 22. Rd2 Ba3 23. Ba1 Bc5 24. Bb2 Ba3 25. Ba1 Bc5 26. Re2 Qd7 27. Bb2 Nd4 28. Rxe8+ Qxe8 29. b4 Ba7 30. Qd2 Nc6 31. Re1 Ne5 32. Nb5 Bb6 33. Bxe5 dxe5 34. Qe2 c6 35. Nd6 Qd7 36. c5 Bc7 37. Nxb7 e4 38. Rd1 Bh2+ 39. Kxh2 Qxb7 40. Qd2 Re8 41. Qd4 Qb8+ 42. Kg1 Qc7 43. Qd6 Qb7 44. Rd4 Qa8 45. Bf1 Qa1 46. Rd1 Qa3 47. Qd4 Kh7 48. Ra1 Qb3 49. Qc4 Qf3 50. Bg2 Qf4 51. Re1 Qd2 52. Kf1 Ra8 53. Qe2 1/2-1/2

[Event "CRO-chT1A"]
[Site "Bol"]
[Date "2014.10.06"]
[Round "3.5"]
[White "Lalic, Bogdan"]
[Black "Filippov, Anton"]
[Result "1/2-1/2"]
[WhiteElo "2450"]
[BlackElo "2589"]
[PlyCount "87"]
[EventDate "2014.10.04"]
[EventType "team-tourn"]
[EventRounds "9"]
[EventCountry "CRO"]
[SourceTitle "CBM 162 Extra"]
[Source "ChessBase"]
[SourceDate "2014.10.17"]
[SourceVersion "1"]
[SourceVersionDate "2014.10.17"]
[SourceQuality "1"]
[WhiteTeam "Solin Cemex"]
[BlackTeam "Rijeka Rijeka"]
[WhiteTeamCountry "CRO"]
[BlackTeamCountry "CRO"]

1. d4 Nf6 2. c4 e6 3. Nf3 Bb4+ 4. Bd2 Qe7 5. g3 Bxd2+ 6. Qxd2 Nc6 7. Nc3 d5 8. cxd5 exd5 9. Bg2 0-0 10. 0-0 h6 11. Rac1 Bf5 12. b3 Rad8 13. Qb2 a6 14. Na4 Na7 15. Nc5 c6 16. Ne5 Ne4 17. a4 Nxc5 18. Rxc5 Rfe8 19. e3 Nc8 20. Rcc1 Nd6 21. Qa3 g5 22. Rfd1 Kg7 23. h3 h5 24. Qb4 f6 25. Nd3 Bxd3 26. Rxd3 f5 27. Qe1 Kh6 28. Qd1 Qf7 29. Qf3 Re4 30. Qe2 Re6 31. Qf3 Re4 32. Qe2 Re6 33. Qf3 Qg6 34. Kh2 Rf8 35. Rg1 Re4 36. Qe2 Re7 37. Qf3 Re4 38. Qe2 Re6 39. Qf3 Rg8 40. Rdd1 Re4 41. Qe2 Re7 42. Qf3 Qf6 43. Bf1 Rh7 44. Bd3 1/2-1/2

[Event "TUR-chT"]
[Site "Kocaeli"]
[Date "2014.08.26"]
[Round "10.2"]
[White "Miroshnichenko, Evgenij"]
[Black "Filippov, Anton"]
[Result "1/2-1/2"]
[WhiteElo "2602"]
[BlackElo "2615"]
[PlyCount "51"]
[EventDate "2014.08.18"]
[EventType "team-tourn"]
[EventRounds "13"]
[EventCountry "TUR"]
[SourceTitle "CBM 162 Extra"]
[Source "ChessBase"]
[SourceDate "2014.10.17"]
[SourceVersion "1"]
[SourceVersionDate "2014.10.17"]
[SourceQuality "1"]
[WhiteTeam "Tarsus Zeka"]
[BlackTeam "Akdeniz Belediyesi"]
[WhiteTeamCountry "TUR"]
[BlackTeamCountry "TUR"]

1. Nf3 f5 2. g3 Nf6 3. Bg2 g6 4. 0-0 Bg7 5. d4 0-0 6. c4 d6 7. Nc3 c6 8. b4 e5 9. dxe5 dxe5 10. e4 Qxd1 11. Rxd1 f4 12. b5 fxg3 13. hxg3 Bg4 14. Ba3 Rc8 15. Rab1 Nbd7 16. bxc6 bxc6 17. Bd6 Bf8 18. c5 Re8 19. Bxf8 Rxf8 20. Rd6 Bxf3 21. Bxf3 Nxc5 22. Rxc6 Rac8 23. Rxc8 Rxc8 24. Nd5 Kf7 25. Ne3 Rc7 26. Rc1 1/2-1/2

[Event "TUR-chT"]
[Site "Kocaeli"]
[Date "2014.08.23"]
[Round "7.2"]
[White "Filippov, Anton"]
[Black "Can, Emre"]
[Result "1/2-1/2"]
[WhiteElo "2615"]
[BlackElo "2529"]
[PlyCount "55"]
[EventDate "2014.08.18"]
[EventType "team-tourn"]
[EventRounds "13"]
[EventCountry "TUR"]
[SourceTitle "CBM 162 Extra"]
[Source "ChessBase"]
[SourceDate "2014.10.17"]
[SourceVersion "1"]
[SourceVersionDate "2014.10.17"]
[SourceQuality "1"]
[WhiteTeam "Akdeniz Belediyesi"]
[BlackTeam "Istanbul Teknik Uni"]
[WhiteTeamCountry "TUR"]
[BlackTeamCountry "TUR"]

1. e4 c5 2. Nf3 d6 3. Bc4 Nc6 4. d3 g6 5. h3 Bg7 6. 0-0 Nf6 7. Nc3 0-0 8. a3 a6 9. Nd5 b5 10. Ba2 Nxd5 11. exd5 Nd4 12. Nd2 e5 13. c3 Nf5 14. b4 cxb4 15. axb4 a5 16. bxa5 Rxa5 17. Ne4 Bb7 18. Bg5 Qa8 19. Bb3 h6 20. Rxa5 Qxa5 21. Bd2 Qa8 22. c4 bxc4 23. dxc4 Qa3 24. Bc1 Qb4 25. Bd2 Qa3 26. Bc1 Qb4 27. Bd2 Qa3 28. Bc1 1/2-1/2

[Event "TUR-chT"]
[Site "Kocaeli"]
[Date "2014.08.22"]
[Round "5.1"]
[White "Filippov, Anton"]
[Black "Safarli, Eltaj"]
[Result "1/2-1/2"]
[WhiteElo "2615"]
[BlackElo "2649"]
[PlyCount "45"]
[EventDate "2014.08.18"]
[EventType "team-tourn"]
[EventRounds "13"]
[EventCountry "TUR"]
[SourceTitle "CBM 162 Extra"]
[Source "ChessBase"]
[SourceDate "2014.10.17"]
[SourceVersion "1"]
[SourceVersionDate "2014.10.17"]
[SourceQuality "1"]
[WhiteTeam "Akdeniz Belediyesi"]
[BlackTeam "Antalya Calli"]
[WhiteTeamCountry "TUR"]
[BlackTeamCountry "TUR"]

1. e4 e5 2. Nf3 Nc6 3. Bb5 a6 4. Ba4 d6 5. Bxc6+ bxc6 6. d4 exd4 7. Qxd4 Nf6 8. 0-0 Be7 9. c4 0-0 10. Nc3 Bg4 11. Qd3 Bxf3 12. Qxf3 Nd7 13. Qd3 Bf6 14. Be3 Re8 15. f3 Be5 16. Qd2 Qf6 17. Rac1 Qe6 18. b3 f5 19. Bd4 a5 20. Bxe5 Qxe5 21. exf5 Qxf5 22. Ne4 Nc5 23. Nxc5 1/2-1/2

[Event "Olympiad-41"]
[Site "Tromsoe"]
[Date "2014.08.11"]
[Round "9.2"]
[White "Karttunen, Mika"]
[Black "Filippov, Anton"]
[Result "0-1"]
[WhiteElo "2437"]
[BlackElo "2615"]
[PlyCount "72"]
[EventDate "2014.08.02"]
[EventType "team-swiss"]
[EventRounds "11"]
[EventCountry "NOR"]
[SourceTitle "CBM 162"]
[Source "ChessBase"]
[SourceDate "2014.09.17"]
[SourceVersion "1"]
[SourceVersionDate "2014.09.17"]
[SourceQuality "1"]
[WhiteTeam "Finland"]
[BlackTeam "Uzbekistan"]
[WhiteTeamCountry "FIN"]
[BlackTeamCountry "UZB"]

1. c4 e5 2. g3 Nf6 3. Bg2 Nc6 4. Nc3 Bc5 5. a3 a6 6. e3 d6 7. Nge2 Ba7 8. d4 exd4 9. exd4 0-0 10. h3 h6 11. 0-0 Ne7 12. b4 c6 13. a4 Be6 14. d5 cxd5 15. cxd5 Bf5 16. g4 Bh7 17. Kh2 Ng6 18. f4 Rc8 19. Qe1 Rc4 20. b5 Re8 21. Qg3 Qa5 22. f5 Ne5 23. Rf4 Rxf4 24. Bxf4 Bf2 25. Qxf2 Nfxg4+ 26. hxg4 Nxg4+ 27. Kg1 Nxf2 28. Kxf2 Bxf5 29. Be3 Qd8 30. Rh1 Bg4 31. Bd4 Qg5 32. Re1 h5 33. Bb6 h4 34. Rf1 h3 35. Bh1 Qh4+ 36. Ng3 Qf6+ 0-1

[Event "Olympiad-41"]
[Site "Tromsoe"]
[Date "2014.08.09"]
[Round "7.2"]
[White "Filippov, Anton"]
[Black "Kamsky, Gata"]
[Result "1/2-1/2"]
[WhiteElo "2615"]
[BlackElo "2706"]
[PlyCount "140"]
[EventDate "2014.08.02"]
[EventType "team-swiss"]
[EventRounds "11"]
[EventCountry "NOR"]
[SourceTitle "CBM 162"]
[Source "ChessBase"]
[SourceDate "2014.09.17"]
[SourceVersion "1"]
[SourceVersionDate "2014.09.17"]
[SourceQuality "1"]
[WhiteTeam "Uzbekistan"]
[BlackTeam "United States"]
[WhiteTeamCountry "UZB"]
[BlackTeamCountry "USA"]

1. d4 Nf6 2. c4 e6 3. Nc3 Bb4 4. e3 0-0 5. Nge2 d5 6. a3 Bd6 7. c5 Be7 8. b4 c6 9. Bb2 Nbd7 10. Nc1 Qc7 11. f4 b6 12. Bd3 a5 13. Qe2 axb4 14. axb4 Rxa1 15. Bxa1 Bb7 16. Nb3 Ra8 17. 0-0 Qc8 18. g4 Ba6 19. Bxa6 Rxa6 20. g5 Ne8 21. Bb2 Ra8 22. Nc1 Nc7 23. h4 Qa6 24. Qxa6 Rxa6 25. Nd3 f6 26. Rc1 b5 27. Kf2 Kf7 28. Rg1 g6 29. Kf3 Ne8 30. Ne2 Ng7 31. Ng3 Ra2 32. Kg4 Nb8 33. Ra1 Rxa1 34. Bxa1 Nd7 35. Bc3 Bd8 36. Ne1 Ne8 37. Nf3 Kg7 38. h5 f5+ 39. Kh3 h6 40. gxh6+ Kxh6 41. hxg6 Kxg6 42. Ne5+ Nxe5 43. dxe5 d4 44. Bxd4 Nc7 45. Bc3 Nd5 46. Bd2 Kf7 47. Ne2 Ke8 48. Nd4 Kd7 49. Nc2 Be7 50. Be1 Ke8 51. Kg2 Bf8 52. Kg3 Be7 53. Kf3 Bf8 54. e4 Ne7 55. Ne3 Bh6 56. Nc2 fxe4+ 57. Kxe4 Nf5 58. Na1 Bf8 59. Nb3 Bh6 60. Na5 Kd7 61. Nb7 Bf8 62. Nd6 Bxd6 63. cxd6 Nh6 64. Bh4 Nf5 65. Bf2 Nh6 66. Kf3 Nf5 67. Kg4 Nh6+ 68. Kg5 Nf5 69. Kg6 Ke8 70. Kf6 Kd7 1/2-1/2